<?xml version="1.0" encoding="UTF-8"?>
<collection xmlns="http://www.loc.gov/MARC21/slim">
 <record>
  <leader>00887ne  a2200193   4500</leader>
  <controlfield tag="001">1/45984</controlfield>
  <datafield tag="035" ind1=" " ind2=" ">
   <subfield code="l">48955</subfield>
  </datafield>
  <datafield tag="041" ind1="0" ind2=" ">
   <subfield code="a">gre,</subfield>
  </datafield>
  <datafield tag="099" ind1=" " ind2="0">
   <subfield code="a">ΧΑΡ ΕΛΛ</subfield>
  </datafield>
  <datafield tag="110" ind1="2" ind2=" ">
   <subfield code="a">National Geographic.</subfield>
  </datafield>
  <datafield tag="245" ind1="1" ind2="0">
   <subfield code="a">Ελλάδα:</subfield>
   <subfield code="b">Κύπρος /</subfield>
   <subfield code="c">National Geographic.</subfield>
  </datafield>
  <datafield tag="255" ind1=" " ind2=" ">
   <subfield code="a">Κλίμακα 1:1.715.000</subfield>
   <subfield code="b">κωνική ισεμβαδική προβολή Alebrs με κύριους παραλλήλους τους 44° 30' και 36°.</subfield>
  </datafield>
  <datafield tag="260" ind1=" " ind2=" ">
   <subfield code="a">Ουάσιγκτον</subfield>
   <subfield code="b">National Geographic</subfield>
   <subfield code="c">2003.</subfield>
  </datafield>
  <datafield tag="300" ind1=" " ind2=" ">
   <subfield code="a">1 χάρτης</subfield>
   <subfield code="b">έγχρ.</subfield>
   <subfield code="c">47 * 61 εκ.</subfield>
  </datafield>
  <datafield tag="490" ind1="1" ind2=" ">
   <subfield code="a">National Geographic. 2003 Η Νέα Ευρώπη ;</subfield>
  </datafield>
  <datafield tag="500" ind1=" " ind2=" ">
   <subfield code="a">1 εκατοστό = 17,2 χιλιόμετρα.</subfield>
  </datafield>
  <datafield tag="504" ind1=" " ind2=" ">
   <subfield code="a">Περιέχει ευρετήριο.</subfield>
  </datafield>
  <datafield tag="830" ind1=" " ind2=" ">
   <subfield code="a">2003 Η Νέα Ευρώπη ;</subfield>
   <subfield code="v">7.</subfield>
  </datafield>
  <datafield tag="852" ind1=" " ind2=" ">
   <subfield code="a">INST</subfield>
   <subfield code="b">UNIPILB</subfield>
   <subfield code="c">REF</subfield>
   <subfield code="e">20151120</subfield>
   <subfield code="h">ΧΑΡ ΕΛΛ</subfield>
   <subfield code="p">00174356</subfield>
   <subfield code="q">00174356</subfield>
   <subfield code="t">NOLOAN</subfield>
   <subfield code="y">23</subfield>
   <subfield code="4">1</subfield>
  </datafield>
 </record>
</collection>
